Skladové hospodárstvo malej firmy - databáza materiálu na sklade firmy = Stock management of a small enterprise - Database of material held in stock of a small enterprise : bakalárska práca

Gespeichert in:
Bibliographische Detailangaben
1. Verfasser: Sekera, Miloš (Verfasst von)
Weitere Verfasser: Iringová, Miriam, 1970- (xxx)
Format: Manuskript Buch
Sprache:Slowakisch
Veröffentlicht: Trnava : STU v Bratislave MtF KAIA, 2005
Schlagworte:
Tags: Tag hinzufügen
Keine Tags, Fügen Sie das erste Tag hinzu!

MARC

LEADER 00000ntm a22000003a 4500
001 stu96366
005 20160719155624.5
008 051019s2005----xo------------------slo-d
040 |a STU  |b slo 
041 0 |a slo 
044 |a xo 
100 1 |a Sekera, Miloš  |4 aut 
245 1 |a Skladové hospodárstvo malej firmy - databáza materiálu na sklade firmy = Stock management of a small enterprise - Database of material held in stock of a small enterprise :  |b bakalárska práca 
260 |a Trnava :  |b STU v Bratislave MtF KAIA,  |c 2005 
300 |a 54s  |c príl (l CD) 
650 7 |a aplikovaná informatika a automatizácia v priemysle  |2 stusub 
650 7 |a skladové hospodárstvo  |2 stusub 
700 1 |a Iringová, Miriam,  |d 1970-  |4 xxx  |u M6000  |U MTF Materiálovotechnologická fakulta  |T MTF Ústav aplikovanej informatiky, automatizácie a matematiky  |X 1482  |U M6000  |Y 86  |7 A000001482 
996 |b 284M055182  |c M*BP-1708  |l MMSKP  |s P  |a 0  |w stu96366_0001